000 00394nam a22001337a 4500
003 SGT
082 _a617.645
_bQ14P
100 _aPATEL, SUPREEYA
245 _aQUANTITATIVE ESTIMATION OF MICROLEAKAGE OF GLASS IONOMER BASED RESTORATIVE MATERIALS USING SPECTROPHOTOMETRY AN IN VITRO STUDY
260 _aITS DENTAL COLLEGE
_c2014
300 _a1-92
650 _aPEDODONTICS
942 _2ddc
_cTH
999 _c21345
_d21345